[Event "Isle of Wight International"]
[Site "Ryde"]
[Date "2025.02.23"]
[Round "9.22"]
[White "Patel, Zain"]
[Black "Kovalskyi, Roman"]
[Result "1/2-1/2"]
[WhiteElo "2089"]
[BlackElo "2240"]
[PlyCount "73"]
[EventDate "2025.02.18"]
[EventType "swiss"]
[EventRounds "9"]
[EventCountry "ENG"]
[SourceTitle "BritBase"]
[Source "John Saunders"]
[SourceDate "2025.02.21"]
[SourceVersion "1"]
[SourceVersionDate "2025.02.21"]
[SourceQuality "1"]

1. d4 d5 2. Nf3 Nf6 3. c4 dxc4 4. e3 e6 5. Bxc4 a6 6. O-O b5 7. Be2 Bb7 8. Nc3 Nbd7 9. Qc2 c5 10. Rd1 Qc7 11. a3 Rc8 12. Bd2 Be7 13. Rac1 Qb8 14. Qb1 Qa8 15. dxc5 Bxc5 16. b4 Be7 17. a4 bxa4 18. Nxa4 O-O 19. Rxc8 Rxc8 20. Rc1 Rb8 21. Nc3 Bd6 22. h3 Ne4 23. Nxe4 Bxe4 24. Qa1 Bxb4 25. Bxb4 Rxb4 26. Bxa6 Nb6 27. Qa5 Ra4 28. Qxb6 Rxa6 29. Qc7 Ra1 30. Rxa1 Qxa1+ 31. Kh2 Qa3 32. Ne5 Qf8 33. h4 f6 34. Nd7 Qe7 35. h5 Kf7 36. f3 Bd3 37. Qc8 1/2-1/2

[Event "Isle of Wight International"]
[Site "Ryde"]
[Date "2025.02.23"]
[Round "9.23"]
[White "Venkatesan, Kavin"]
[Black "Malinovsky, Ilya"]
[Result "1/2-1/2"]
[WhiteElo "2227"]
[BlackElo "2073"]
[PlyCount "55"]
[EventDate "2025.02.18"]
[EventType "swiss"]
[EventRounds "9"]
[EventCountry "ENG"]
[SourceTitle "BritBase"]
[Source "John Saunders"]
[SourceDate "2025.02.21"]
[SourceVersion "1"]
[SourceVersionDate "2025.02.21"]
[SourceQuality "1"]

1. d4 d5 2. c4 e6 3. Nc3 c5 4. cxd5 cxd4 5. Qa4+ Bd7 6. Qxd4 exd5 7. Qxd5 Nf6 8. Qd1 Bc5 9. Nf3 O-O 10. e3 Qe7 11. Be2 Nc6 12. O-O Ne5 13. Nd4 Nc6 14. Bf3 Rad8 15. Bxc6 bxc6 16. Qf3 Rc8 17. Nf5 Qe6 18. e4 Rfe8 19. Be3 Bxe3 20. Nxe3 Nxe4 21. Nxe4 Qxe4 22. Qxe4 Rxe4 23. Rfc1 Rb4 24. Rc2 Be6 25. b3 a5 26. Rd1 g6 27. Rdc1 a4 28. bxa4 1/2-1/2

[Event "Isle of Wight International"]
[Site "Ryde"]
[Date "2025.02.23"]
[Round "9.24"]
[White "Kumar, Sanjit S"]
[Black "Shearsby, Jude"]
[Result "1/2-1/2"]
[WhiteElo "2074"]
[BlackElo "2227"]
[PlyCount "56"]
[EventDate "2025.02.18"]
[EventType "swiss"]
[EventRounds "9"]
[EventCountry "ENG"]
[SourceTitle "BritBase"]
[Source "John Saunders"]
[SourceDate "2025.02.21"]
[SourceVersion "1"]
[SourceVersionDate "2025.02.21"]
[SourceQuality "1"]

1. d4 Nf6 2. c4 g6 3. Nc3 Bg7 4. e4 d6 5. h3 O-O 6. Nf3 e5 7. d5 Nh5 8. g3 f5 9. exf5 gxf5 10. Nh4 Nf4 11. Be3 Na6 12. Qd2 Nc5 13. O-O-O Ng6 14. Nxg6 hxg6 15. h4 Bf6 16. Be2 a6 17. h5 g5 18. g4 b5 19. Bxc5 dxc5 20. cxb5 axb5 21. Bxb5 Qd6 22. gxf5 Bxf5 23. Bd3 e4 24. Bxe4 Bxc3 25. Qxg5+ Kh8 26. Bxf5 Bxb2+ 27. Kxb2 Qe5+ 28. Kc1 Qc3+ 1/2-1/2

[Event "Isle of Wight International"]
[Site "Ryde"]
[Date "2025.02.23"]
[Round "9.25"]
[White "Spence, David J"]
[Black "Zhang, Junyi"]
[Result "0-1"]
[WhiteElo "2181"]
[BlackElo "2096"]
[PlyCount "100"]
[EventDate "2025.02.18"]
[EventType "swiss"]
[EventRounds "9"]
[EventCountry "ENG"]
[SourceTitle "BritBase"]
[Source "John Saunders"]
[SourceDate "2025.02.21"]
[SourceVersion "1"]
[SourceVersionDate "2025.02.21"]
[SourceQuality "1"]

1. e4 c5 2. c3 d5 3. exd5 Qxd5 4. d4 e6 5. Nf3 Nf6 6. Be3 cxd4 7. cxd4 Bb4+ 8. Nc3 Qa5 9. Qb3 O-O 10. Bd3 b6 11. O-O Ba6 12. Bxa6 Nxa6 13. Ne5 Rac8 14. Rac1 Bxc3 15. bxc3 Nb8 16. c4 Nc6 17. f4 Rfd8 18. Rfd1 Ne7 19. Kh1 Qa6 20. a4 Nf5 21. Bg1 Qb7 22. a5 Qe4 23. axb6 axb6 24. Qxb6 Qxf4 25. Qa7 Rf8 26. Rf1 Qh6 27. Qa3 Ne4 28. Rxf5 exf5 29. Rf1 f4 30. Bf2 Ra8 31. Qc1 Ra2 32. Ng4 Qg5 33. h3 h5 34. Qb1 Re2 35. Qd3 Nxf2+ 36. Nxf2 Re3 37. Qd1 Qg6 38. d5 Rg3 39. Qd4 f3 40. gxf3 Rxf3 41. Rg1 Qf6 42. Qxf6 Rxf6 43. Ne4 Rf4 44. Re1 Rf3 45. c5 Rxh3+ 46. Kg2 Rd3 47. d6 Rc8 48. Rc1 f5 49. Ng5 Rxd6 50. Re1 Rg6 0-1

[Event "Isle of Wight International"]
[Site "Ryde"]
[Date "2025.02.23"]
[Round "9.26"]
[White "Pereslavtsev, Alexandr"]
[Black "Liu, Jack"]
[Result "1-0"]
[WhiteElo "1946"]
[BlackElo "2141"]
[PlyCount "31"]
[EventDate "2025.02.18"]
[EventType "swiss"]
[EventRounds "9"]
[EventCountry "ENG"]
[SourceTitle "BritBase"]
[Source "John Saunders"]
[SourceDate "2025.02.21"]
[SourceVersion "1"]
[SourceVersionDate "2025.02.21"]
[SourceQuality "1"]

1. d4 Nf6 2. c4 g6 3. Nc3 d5 4. cxd5 Nxd5 5. e4 Nxc3 6. bxc3 Bg7 7. Nf3 c5 8. Bb5+ Nc6 9. O-O cxd4 10. cxd4 O-O 11. Bxc6 bxc6 12. Qc2 Bg4 13. Ne5 Qxd4 14. Bb2 Qb6 15. Rab1 Rab8 16. Ba1 1-0

[Event "Isle of Wight International"]
[Site "Ryde"]
[Date "2025.02.23"]
[Round "9.27"]
[White "Collin, Moritz Valentin"]
[Black "Ng, Jun Fung Isaac"]
[Result "1/2-1/2"]
[WhiteElo "2240"]
[BlackElo "2034"]
[PlyCount "51"]
[EventDate "2025.02.18"]
[EventType "swiss"]
[EventRounds "9"]
[EventCountry "ENG"]
[SourceTitle "BritBase"]
[Source "John Saunders"]
[SourceDate "2025.02.21"]
[SourceVersion "1"]
[SourceVersionDate "2025.02.21"]
[SourceQuality "1"]

1. d4 Nf6 2. c4 g6 3. Nc3 d5 4. Nf3 Bg7 5. cxd5 Nxd5 6. e4 Nxc3 7. bxc3 c5 8. Bb5+ Nc6 9. O-O cxd4 10. cxd4 O-O 11. Bxc6 bxc6 12. Ba3 Bg4 13. Bc5 Qa5 14. h3 Bxf3 15. Qxf3 Rfd8 16. e5 Bxe5 17. Rfe1 Bd6 18. Bxd6 Rxd6 19. Rxe7 Qd5 20. Qxd5 Rxd5 21. Rc1 Rxd4 22. Rxc6 a5 23. Rf6 Rf8 24. Rf3 Ra4 25. a3 f5 26. Ra7 1/2-1/2

[Event "Isle of Wight International"]
[Site "Ryde"]
[Date "2025.02.23"]
[Round "9.28"]
[White "Lishoy Gengis Paratazham, Dildarav"]
[Black "Camacho Collados, Jose"]
[Result "1/2-1/2"]
[WhiteElo "2045"]
[BlackElo "2345"]
[PlyCount "88"]
[EventDate "2025.02.18"]
[EventType "swiss"]
[EventRounds "9"]
[EventCountry "ENG"]
[SourceTitle "BritBase"]
[Source "John Saunders"]
[SourceDate "2025.02.21"]
[SourceVersion "1"]
[SourceVersionDate "2025.02.21"]
[SourceQuality "1"]

1. c4 c6 2. Nf3 d5 3. g3 Nf6 4. Bg2 Bg4 5. Ne5 Be6 6. cxd5 Bxd5 7. O-O Bxg2 8. Kxg2 Nbd7 9. d4 e6 10. Nf3 Be7 11. Nc3 O-O 12. e4 c5 13. e5 Nd5 14. Nxd5 exd5 15. dxc5 Nxc5 16. Be3 Qd7 17. Bxc5 Bxc5 18. Rc1 Bb6 19. Qd3 Rad8 20. Rfd1 f6 21. Rc2 Qe8 22. Re1 Qg6 23. Qxg6 hxg6 24. Rd1 Rf7 25. Rcd2 Rfd7 26. e6 Rd6 27. e7 Re8 28. Rxd5 Rxd5 29. Rxd5 Rxe7 30. Kf1 g5 31. h3 Kf7 32. Rd6 Kg6 33. g4 Kf7 34. a3 Rc7 35. Rd2 Ke6 36. Ke2 Rc1 37. h4 gxh4 38. Nxh4 Rg1 39. Kf3 Rc1 40. Ng6 Rc4 41. Nf4+ Ke7 42. Nd5+ Ke6 43. Nf4+ Ke7 44. Nd5+ Ke6 1/2-1/2

[Event "Isle of Wight International"]
[Site "Ryde"]
[Date "2025.02.23"]
[Round "9.29"]
[White "Maki Uuro, Miika"]
[Black "Brett, Andrew R"]
[Result "0-1"]
[WhiteElo "2278"]
[BlackElo "2047"]
[PlyCount "76"]
[EventDate "2025.02.18"]
[EventType "swiss"]
[EventRounds "9"]
[EventCountry "ENG"]
[SourceTitle "BritBase"]
[Source "John Saunders"]
[SourceDate "2025.02.21"]
[SourceVersion "1"]
[SourceVersionDate "2025.02.21"]
[SourceQuality "1"]

1. d4 Nf6 2. c4 e6 3. Nf3 d5 4. Nc3 c6 5. e3 Nbd7 6. Be2 Bd6 7. O-O O-O 8. b3 b6 9. Bb2 Bb7 10. Bd3 c5 11. cxd5 exd5 12. Rc1 a6 13. Re1 Re8 14. Na4 c4 15. Bf1 b5 16. Nc3 b4 17. Nxd5 c3 18. Nxc3 bxc3 19. Bxc3 Ne4 20. Bb2 Bd5 21. Bc4 Nb6 22. Re2 Re6 23. Rec2 Rg6 24. Bxd5 Nxd5 25. Qd3 f5 26. Ne5 Bxe5 27. dxe5 Rxg2+ 28. Kf1 Rxh2 29. Kg1 Rh6 30. f3 Rg6+ 31. Kf1 Ng3+ 32. Kf2 f4 33. e4 Ne3 34. Qxd8+ Rxd8 35. Rc8 Nh1+ 36. Ke2 Rg2+ 37. Ke1 Rg1+ 38. Ke2 Ng3+ 0-1

[Event "Isle of Wight International"]
[Site "Ryde"]
[Date "2025.02.23"]
[Round "9.30"]
[White "Toma, Katarzyna"]
[Black "Wicken, Jack"]
[Result "1-0"]
[WhiteElo "2199"]
[BlackElo "2043"]
[PlyCount "45"]
[EventDate "2025.02.18"]
[EventType "swiss"]
[EventRounds "9"]
[EventCountry "ENG"]
[SourceTitle "BritBase"]
[Source "John Saunders"]
[SourceDate "2025.02.21"]
[SourceVersion "1"]
[SourceVersionDate "2025.02.21"]
[SourceQuality "1"]

1. e4 e5 2. Nf3 Nf6 3. Nc3 Bb4 4. Bc4 O-O 5. O-O Nc6 6. Re1 d6 7. h3 Be6 8. Nd5 Bxd5 9. exd5 Ne7 10. c3 Bc5 11. d4 exd4 12. Nxd4 Nexd5 13. Nf5 Nb6 14. Bd3 d5 15. Qf3 Bd6 16. Bg5 Nbd7 17. Nxd6 cxd6 18. Qg3 Nc5 19. Rad1 Kh8 20. Qh4 Nce4 21. Bxe4 dxe4 22. Rxe4 Rc8 23. Rf4 1-0

[Event "Isle of Wight International"]
[Site "Ryde"]
[Date "2025.02.23"]
[Round "9.32"]
[White "Larchikov, Maksym"]
[Black "Sanitt, Ethan"]
[Result "0-1"]
[WhiteElo "2088"]
[BlackElo "2040"]
[PlyCount "60"]
[EventDate "2025.02.18"]
[EventType "swiss"]
[EventRounds "9"]
[EventCountry "ENG"]
[SourceTitle "BritBase"]
[Source "John Saunders"]
[SourceDate "2025.02.21"]
[SourceVersion "1"]
[SourceVersionDate "2025.02.21"]
[SourceQuality "1"]

1. d4 Nf6 2. c4 c5 3. d5 b5 4. cxb5 a6 5. bxa6 g6 6. Nc3 Bg7 7. Nf3 O-O 8. g3 Qa5 9. Bd2 d6 10. Bg2 Qb6 11. O-O Nxa6 12. Ne1 Qxb2 13. Rb1 Qa3 14. Nc2 Qa5 15. Nb5 Qd8 16. e4 Nc7 17. Nc3 Ba6 18. Re1 Nd7 19. f4 Rb8 20. a4 Bd3 21. Bf1 Bxf1 22. Rxf1 Rxb1 23. Qxb1 Qa8 24. Qa2 Qa5 25. Nb1 Qa6 26. Rf3 Nf6 27. Nc3 Rb8 28. h3 Nxe4 29. Be1 Bxc3 30. Bxc3 Qe2 0-1

[Event "Isle of Wight International"]
[Site "Ryde"]
[Date "2025.02.23"]
[Round "9.33"]
[White "Bharat Kumar, Balahari"]
[Black "Murawski, Jan"]
[Result "1-0"]
[WhiteElo "2022"]
[BlackElo "2071"]
[PlyCount "69"]
[EventDate "2025.02.18"]
[EventType "swiss"]
[EventRounds "9"]
[EventCountry "ENG"]
[SourceTitle "BritBase"]
[Source "John Saunders"]
[SourceDate "2025.02.21"]
[SourceVersion "1"]
[SourceVersionDate "2025.02.21"]
[SourceQuality "1"]

1. Nf3 d5 2. g3 Nf6 3. Bg2 e6 4. O-O Be7 5. d3 O-O 6. Nbd2 c5 7. e4 Nc6 8. Re1 b5 9. e5 Nd7 10. Nf1 Bb7 11. Bf4 Qb6 12. h4 Rfc8 13. N1h2 Qd8 14. Qd2 Bf8 15. h5 h6 16. g4 Be7 17. c3 b4 18. g5 bxc3 19. bxc3 hxg5 20. Nxg5 Ncxe5 21. Bh3 Bf6 22. h6 gxh6 23. Nxe6 fxe6 24. Bxe6+ Kg7 25. Bxh6+ Kh8 26. d4 Qb6 27. dxe5 Qxe6 28. exf6 Qxf6 29. Bg5 Qf5 30. f4 d4 31. Re7 Qd5 32. Nf3 Kg8 33. Qh2 Qf5 34. Qh6 Qg4+ 35. Kh2 1-0

[Event "Isle of Wight International"]
[Site "Ryde"]
[Date "2025.02.23"]
[Round "9.34"]
[White "Kothari, Jai"]
[Black "Brackmann, Hendrik"]
[Result "0-1"]
[WhiteElo "2070"]
[BlackElo "2021"]
[PlyCount "114"]
[EventDate "2025.02.18"]
[EventType "swiss"]
[EventRounds "9"]
[EventCountry "ENG"]
[SourceTitle "BritBase"]
[Source "John Saunders"]
[SourceDate "2025.02.21"]
[SourceVersion "1"]
[SourceVersionDate "2025.02.21"]
[SourceQuality "1"]

1. e4 c5 2. Nc3 Nc6 3. Bb5 Nd4 4. Nf3 a6 5. Bd3 g6 6. b4 cxb4 7. Nxd4 bxc3 8. dxc3 Bg7 9. Qe2 d6 10. f4 Qc7 11. Bd2 e5 12. fxe5 dxe5 13. Nf3 Nf6 14. Bc4 O-O 15. O-O Nh5 16. Bb3 Nf4 17. Qe1 Qe7 18. Kh1 Ne6 19. Rd1 Nc5 20. Bg5 Qc7 21. Qh4 Nxb3 22. cxb3 f6 23. Bh6 Be6 24. Bxg7 Kxg7 25. Rd3 Rad8 26. Rfd1 Rxd3 27. Rxd3 Rd8 28. Rxd8 Qxd8 29. Qe1 Qd3 30. c4 Bg4 31. Ng1 Bd1 32. c5 Bc2 33. c6 bxc6 34. Qb4 Qd7 35. h3 c5 36. Qxc5 Bxe4 37. Qc3 Qc6 38. Qxc6 Bxc6 39. Ne2 f5 40. Kg1 Kf6 41. Kf2 f4 42. g4 g5 43. Nc3 e4 44. b4 Ke5 45. a4 e3+ 46. Ke1 f3 47. b5 axb5 48. axb5 Bb7 49. b6 f2+ 50. Kf1 Ba6+ 51. Ne2 Kd6 52. h4 gxh4 53. g5 Kc6 54. b7 Kxb7 55. g6 hxg6 56. Kg2 Bxe2 57. Kh2 g5 0-1

[Event "Isle of Wight International"]
[Site "Ryde"]
[Date "2025.02.23"]
[Round "9.35"]
[White "Sooraj, M R"]
[Black "Obrochta, Lena"]
[Result "1-0"]
[WhiteElo "2152"]
[BlackElo "1916"]
[PlyCount "59"]
[EventDate "2025.02.18"]
[EventType "swiss"]
[EventRounds "9"]
[EventCountry "ENG"]
[SourceTitle "BritBase"]
[Source "John Saunders"]
[SourceDate "2025.02.21"]
[SourceVersion "1"]
[SourceVersionDate "2025.02.21"]
[SourceQuality "1"]

1. h3 c5 2. e3 d5 3. Nf3 Nc6 4. Bb5 Nf6 5. O-O Qc7 6. Nc3 g5 7. d4 g4 8. Ne5 gxh3 9. g3 a6 10. Bxc6+ bxc6 11. e4 Rg8 12. Bf4 dxe4 13. Re1 Bf5 14. Nd3 Qc8 15. Nxc5 Bg4 16. N3xe4 Nxe4 17. Nxe4 Kd8 18. f3 Be6 19. Kh2 h5 20. Nc5 Bd5 21. Qd3 h4 22. c4 Bh6 23. Qh7 hxg3+ 24. Bxg3 Re8 25. cxd5 Rb8 26. Qxh6 Rxb2+ 27. Kh1 Rg8 28. Rxe7 Kxe7 29. Qd6+ Ke8 30. Re1+ 1-0

[Event "Isle of Wight International"]
[Site "Ryde"]
[Date "2025.02.23"]
[Round "9.36"]
[White "Chong, Kai Ni Agnes"]
[Black "Rappazzo, Johannes"]
[Result "1/2-1/2"]
[WhiteElo "1955"]
[BlackElo "2209"]
[PlyCount "90"]
[EventDate "2025.02.18"]
[EventType "swiss"]
[EventRounds "9"]
[EventCountry "ENG"]
[SourceTitle "BritBase"]
[Source "John Saunders"]
[SourceDate "2025.02.21"]
[SourceVersion "1"]
[SourceVersionDate "2025.02.21"]
[SourceQuality "1"]

1. d4 Nf6 2. c4 g6 3. Nc3 Bg7 4. e4 d6 5. h3 O-O 6. Be3 e5 7. d5 Na6 8. g4 Nc5 9. f3 a5 10. Qd2 c6 11. Nge2 a4 12. Ng3 h5 13. Rg1 cxd5 14. cxd5 h4 15. Nf5 gxf5 16. gxf5 Nh5 17. Bg5 Qb6 18. Rg4 f6 19. Rxh4 fxg5 20. Rxh5 a3 21. b3 Bxf5 22. Rxg5 Bh7 23. Qg2 Rf7 24. Bc4 Qb4 25. Rc1 Na4 26. bxa4 Qxc4 27. Ne2 Qxa2 28. Qg4 Raf8 29. Rc8 Qb1+ 30. Kf2 Rxf3+ 31. Qxf3 Rxc8 32. Rxg7+ Kxg7 33. Qg4+ Bg6 34. Qd7+ Bf7 35. Qg4+ Kh6 36. Qxc8 Qxe4 37. Qf8+ Kg6 38. Qxd6+ Kg7 39. Qxa3 Qxd5 40. Qg3+ Bg6 41. h4 Qf7+ 42. Ke1 Qf5 43. Qc3 Qe4 44. Qc7+ Bf7 45. Qe7 Qh1+ 1/2-1/2

[Event "Isle of Wight International"]
[Site "Ryde"]
[Date "2025.02.23"]
[Round "9.37"]
[White "Galvan Cipriani, Viviana"]
[Black "Buckland, Louis"]
[Result "1/2-1/2"]
[WhiteElo "2096"]
[BlackElo "1919"]
[PlyCount "22"]
[EventDate "2025.02.18"]
[EventType "swiss"]
[EventRounds "9"]
[EventCountry "ENG"]
[SourceTitle "BritBase"]
[Source "John Saunders"]
[SourceDate "2025.02.21"]
[SourceVersion "1"]
[SourceVersionDate "2025.02.21"]
[SourceQuality "1"]

1. c4 b6 2. Nc3 Bb7 3. e4 e6 4. Nf3 Bb4 5. Qc2 Ne7 6. Be2 O-O 7. a3 Bxc3 8. dxc3 d6 9. h4 Nd7 10. Be3 e5 11. g4 Nc5 1/2-1/2

[Event "Isle of Wight International"]
[Site "Ryde"]
[Date "2025.02.23"]
[Round "9.38"]
[White "Patel, Keatan"]
[Black "Wilks, Simon"]
[Result "1/2-1/2"]
[WhiteElo "1957"]
[BlackElo "2089"]
[PlyCount "68"]
[EventDate "2025.02.18"]
[EventType "swiss"]
[EventRounds "9"]
[EventCountry "ENG"]
[SourceTitle "BritBase"]
[Source "John Saunders"]
[SourceDate "2025.02.21"]
[SourceVersion "1"]
[SourceVersionDate "2025.02.21"]
[SourceQuality "1"]

1. d4 Nf6 2. c4 e6 3. g3 Bb4+ 4. Bd2 c5 5. Bxb4 cxb4 6. Nf3 O-O 7. Bg2 d5 8. Nbd2 b6 9. O-O Bb7 10. Ne5 Nc6 11. Nxc6 Bxc6 12. Re1 Rc8 13. Rc1 dxc4 14. Bxc6 Rxc6 15. Rxc4 Rxc4 16. Nxc4 Qd5 17. b3 Rd8 18. e3 Ne4 19. Qf3 Rc8 20. Ne5 f6 21. Nd3 a5 22. Rc1 Rxc1+ 23. Nxc1 Nc3 24. Qf4 e5 25. dxe5 Qxe5 26. Qc4+ Qd5 27. Qc8+ Kf7 28. h4 h5 29. Kh2 Qf3 30. Nd3 Ne4 31. Qb7+ Kf8 32. Qc8+ Kf7 33. Qb7+ Kg6 34. Qd5 Kh7 1/2-1/2

[Event "Isle of Wight International"]
[Site "Ryde"]
[Date "2025.02.23"]
[Round "9.39"]
[White "Damodaran, Patrick"]
[Black "Bugaj, Hanna"]
[Result "0-1"]
[WhiteElo "2072"]
[BlackElo "1903"]
[PlyCount "214"]
[EventDate "2025.02.18"]
[EventType "swiss"]
[EventRounds "9"]
[EventCountry "ENG"]
[SourceTitle "BritBase"]
[Source "John Saunders"]
[SourceDate "2025.02.21"]
[SourceVersion "1"]
[SourceVersionDate "2025.02.21"]
[SourceQuality "1"]

1. d4 Nf6 2. c4 e6 3. Nc3 d5 4. Nf3 h6 5. Bf4 c6 6. e3 Bd6 7. Bxd6 Qxd6 8. Bd3 Nbd7 9. O-O O-O 10. c5 Qc7 11. b4 e5 12. Be2 a6 13. a4 Re8 14. Qc2 exd4 15. exd4 Nh5 16. Rfe1 Ndf6 17. b5 axb5 18. axb5 Rxa1 19. Rxa1 Nf4 20. Bf1 g6 21. bxc6 bxc6 22. Qa4 Bb7 23. Qb4 Bc8 24. Rb1 Bf5 25. Qb6 Re7 26. Rb2 Qc8 27. Qb8 Qxb8 28. Rxb8+ Kg7 29. Rb6 Ra7 30. Ra6 Rc7 31. Nd1 Bd3 32. Bxd3 Nxd3 33. g3 Ne4 34. Ra3 Nb4 35. Nc3 Nc2 36. Rb3 Ra7 37. Kg2 Na1 38. Nxe4 Nxb3 39. Ned2 Nxd2 40. Nxd2 Ra4 41. Nf3 f6 42. Kf1 g5 43. Ke2 Kf7 44. g4 Ke6 45. h3 Ra1 46. h4 Ra4 47. hxg5 hxg5 48. Ke3 Ra3+ 49. Ke2 Kd7 50. Ne1 Kc7 51. Ng2 Kb7 52. Ne3 Ra8 53. Nf5 Re8+ 54. Kd3 Kc7 55. Nd6 Re6 56. Nf5 Kd7 57. Kd2 Re8 58. Kd3 Re1 59. Kd2 Ra1 60. Ke3 Ke6 61. Ng7+ Kf7 62. Nf5 Re1+ 63. Kd2 Re6 64. f3 Kf8 65. Kd3 Re1 66. Kd2 Rf1 67. Ke2 Ra1 68. Kf2 Ke8 69. Ke2 Kd7 70. Ng7 Ra8 71. Nh5 Rf8 72. Ng7 Kc8 73. Nf5 Kb7 74. Kd3 Ka6 75. Ne7 Kb5 76. Nf5 Ra8 77. Nd6+ Kb4 78. Ke3 Ra3+ 79. Ke2 Kc3 80. Ne8 Kxd4 81. Nxf6 Ra2+ 82. Kd1 Kd3 83. Kc1 Rf2 84. Nh7 Rxf3 85. Nxg5 Rg3 86. Nf7 Kd4 87. g5 Kxc5 88. Nd8 Kb5 89. Ne6 c5 90. Nc7+ Kc4 91. Ne6 Kc3 92. Kd1 c4 93. Ke2 d4 94. Nc5 Re3+ 95. Kd1 Re5 96. Nd7 Rxg5 97. Nf6 Kd3 98. Kc1 Rg1+ 99. Kb2 c3+ 100. Ka2 c2 101. Nd5 c1=Q 102. Nc3 Qa1+ 103. Kb3 Qxc3+ 104. Ka4 Ra1+ 105. Kb5 Ra5+ 106. Kb6 Qc5+ 107. Kb7 Ra7+ 0-1

[Event "Isle of Wight International"]
[Site "Ryde"]
[Date "2025.02.23"]
[Round "9.40"]
[White "Zhu, Pengxiao"]
[Black "Duke, Michael"]
[Result "0-1"]
[WhiteElo "1922"]
[BlackElo "2045"]
[PlyCount "122"]
[EventDate "2025.02.18"]
[EventType "swiss"]
[EventRounds "9"]
[EventCountry "ENG"]
[SourceTitle "BritBase"]
[Source "John Saunders"]
[SourceDate "2025.02.21"]
[SourceVersion "1"]
[SourceVersionDate "2025.02.21"]
[SourceQuality "1"]

1. d4 d5 2. c4 dxc4 3. e3 Nf6 4. Bxc4 e6 5. Nf3 Be7 6. O-O O-O 7. Qe2 a6 8. Nbd2 b5 9. Bd3 c5 10. dxc5 Bxc5 11. a4 b4 12. Rd1 Qe7 13. b3 e5 14. e4 Bg4 15. h3 Bh5 16. Bb2 Nc6 17. Bxa6 Bxf3 18. Nxf3 Nh5 19. Bb5 Nf4 20. Qf1 Rac8 21. Bxc6 Rxc6 22. Bxe5 Ng6 23. Bg3 Qxe4 24. Qb5 Rfc8 25. a5 h5 26. Re1 Qc2 27. a6 h4 28. Nxh4 Nxh4 29. Bxh4 Bd4 30. Rab1 Bc3 31. Red1 Qa2 32. Qf5 Qxa6 33. Rd7 Bf6 34. Bg3 Rc1+ 35. Rd1 Rxb1 36. Rxb1 Qc6 37. Re1 Rd8 38. Qe4 Qxe4 39. Rxe4 Rd1+ 40. Kh2 Bc3 41. Re3 Rb1 42. Bd6 f6 43. f4 Kf7 44. Kg3 Rxb3 45. Kg4 Rb2 46. g3 Rd2 47. Bc5 Rd5 48. Re7+ Kg6 49. Rc7 Rd3 50. f5+ Kh7 51. Bf8 Be5 52. Rxg7+ Kh8 53. Rb7 Rxg3+ 54. Kh4 Rg5 55. Bg7+ Rxg7 56. Rxb4 Kh7 57. Rb3 Kh6 58. Rd3 Rg2 59. Rf3 Rg1 60. Rf4 Bc3 61. Rf2 Bb4 0-1

[Event "Isle of Wight International"]
[Site "Ryde"]
[Date "2025.02.23"]
[Round "9.41"]
[White "Sandhu, Manvith"]
[Black "Mokhber-Garcia, Sebastian"]
[Result "1/2-1/2"]
[WhiteElo "1904"]
[BlackElo "1974"]
[PlyCount "66"]
[EventDate "2025.02.18"]
[EventType "swiss"]
[EventRounds "9"]
[EventCountry "ENG"]
[SourceTitle "BritBase"]
[Source "John Saunders"]
[SourceDate "2025.02.21"]
[SourceVersion "1"]
[SourceVersionDate "2025.02.21"]
[SourceQuality "1"]

1. e4 e5 2. Nf3 Nc6 3. Bb5 Nf6 4. d3 Bc5 5. c3 O-O 6. O-O d5 7. exd5 Qxd5 8. Bc4 Qd8 9. b4 Bd6 10. Nbd2 Re8 11. Ng5 Re7 12. Nde4 Nxe4 13. Nxe4 Be6 14. Bg5 f6 15. Nxf6+ gxf6 16. Bxf6 Bxc4 17. dxc4 Qf8 18. Bxe7 Bxe7 19. Qe2 Bf6 20. Rad1 Rd8 21. Rxd8 Qxd8 22. Rd1 Qc8 23. Qe4 Qe6 24. Rd3 Nd8 25. Rg3+ Bg7 26. Rh3 Qg6 27. Qd5+ Ne6 28. Qd1 Nf4 29. Rg3 Qd6 30. Qg4 Qe7 31. h3 h5 32. Qf3 c6 33. Kh2 Qe6 1/2-1/2

[Event "Isle of Wight International"]
[Site "Ryde"]
[Date "2025.02.23"]
[Round "9.42"]
[White "Skettos, Nicolas"]
[Black "Pai, Sidhanth"]
[Result "1/2-1/2"]
[WhiteElo "1966"]
[BlackElo "1746"]
[PlyCount "117"]
[EventDate "2025.02.18"]
[EventType "swiss"]
[EventRounds "9"]
[EventCountry "ENG"]
[SourceTitle "BritBase"]
[Source "John Saunders"]
[SourceDate "2025.02.21"]
[SourceVersion "1"]
[SourceVersionDate "2025.02.21"]
[SourceQuality "1"]

1. e4 c5 2. Nf3 e6 3. g3 a6 4. Bg2 b5 5. O-O Bb7 6. Qe2 Nc6 7. c3 Qb6 8. Rd1 Nge7 9. d4 cxd4 10. cxd4 d5 11. e5 Nf5 12. Be3 Be7 13. a3 O-O 14. Nc3 Rac8 15. Bh3 Nxe3 16. Qxe3 Na5 17. Nd2 h6 18. f4 Rc7 19. Bf1 Rfc8 20. Bd3 Nc4 21. Nxc4 dxc4 22. Be4 Rd8 23. Rd2 Rcd7 24. Rad1 a5 25. Bxb7 Qxb7 26. Ne4 Qa7 27. Kf2 b4 28. axb4 axb4 29. g4 b3 30. f5 Bb4 31. Nc3 Qa5 32. f6 Bxc3 33. bxc3 gxf6 34. Qxh6 fxe5 35. Qg5+ Kf8 36. Qh6+ Ke7 37. Qg5+ Kf8 38. Qh6+ Ke8 39. Qh8+ Ke7 40. Qh4+ Kd6 41. dxe5+ Kc6 42. Rxd7 Rxd7 43. Rxd7 Kxd7 44. Qf6 Qc5+ 45. Kg3 Ke8 46. Qh8+ Qf8 47. Qh7 b2 48. Qe4 Qa3 49. Qc6+ Kf8 50. Qc8+ Kg7 51. Qb8 Qb3 52. Qd8 b1=Q 53. Qf6+ Kg8 54. Qd8+ Kh7 55. Qh4+ Kg6 56. Qf6+ Kh7 57. Qh4+ Kg8 58. Qd8+ Kh7 59. Qh4+ 1/2-1/2

[Event "Isle of Wight International"]
[Site "Ryde"]
[Date "2025.02.23"]
[Round "9.43"]
[White "Steiners, Emils"]
[Black "McMahon, Paul"]
[Result "1-0"]
[WhiteElo "2237"]
[BlackElo "1919"]
[PlyCount "115"]
[EventDate "2025.02.18"]
[EventType "swiss"]
[EventRounds "9"]
[EventCountry "ENG"]
[SourceTitle "BritBase"]
[Source "John Saunders"]
[SourceDate "2025.02.21"]
[SourceVersion "1"]
[SourceVersionDate "2025.02.21"]
[SourceQuality "1"]

1. d4 Nf6 2. c4 e6 3. Nc3 d5 4. cxd5 exd5 5. Bg5 Be7 6. e3 c6 7. Bd3 Nbd7 8. Qc2 h6 9. Bh4 Nh5 10. Bxe7 Qxe7 11. Nf3 Nb6 12. h3 Nf4 13. Bf1 g6 14. O-O-O Bf5 15. Qb3 Nh5 16. Ne5 Nf6 17. g4 Be6 18. a4 Ne4 19. Rh2 O-O 20. f3 Nd6 21. f4 Ndc4 22. Bxc4 Nxc4 23. Nxc4 dxc4 24. Qc2 f5 25. gxf5 Rxf5 26. Kb1 b5 27. axb5 cxb5 28. Qg2 Qe8 29. d5 Bd7 30. Ne4 Kh7 31. Nd6 Qxe3 32. Qe2 Qxf4 33. Qe7+ Kg8 34. Qxd7 Rf6 35. Re2 Qxd6 36. Qxb5 c3 37. bxc3 Qb6 38. Qxb6 Rxb6+ 39. Kc2 Rab8 40. Re7 R8b7 41. Rxb7 Rxb7 42. c4 Kf7 43. Kc3 Re7 44. Kd4 Ke8 45. c5 Re2 46. Ra1 Rh2 47. Rxa7 Rxh3 48. Ke5 Rc3 49. c6 h5 50. Kd6 h4 51. c7 h3 52. Ra8+ Kf7 53. c8=Q Rxc8 54. Rxc8 g5 55. Ke5 Kg6 56. Rh8 g4 57. Kf4 Kg7 58. Rh4 1-0